Представление документа в формате RUSMARC

ПолеНазваниеЗначение
  Тип записи a
  Библиографический уровень m
001 Контрольный номер RU/УОНБ/EK/461433771
005 Дата корректировки 20250520123138.7
010 Индекс ISBN __
d Цена 5 р. 30 к.
9 Тираж 25000 экз.
100 Данные общей обработки __
a Данные общей обработки 20140815d1982 m y0rusy0189||||ca
101 Язык документа 0_
a Язык текста rus
102 Страна публикации __
a Страна публикации RU
105 Кодированные данные (монография) __
a Кодированные данные (монография) a z 001yy
200 Заглавие и сведения об ответственности 1_
a Заглавие Искусство Кореи с древнейших времен до конца XIX века
f Первые сведения об ответственности О.Н. Глухарева
g Последующие сведения об ответственности Гос. музей искусства народов Востока
210 Выходные данные 1_
a Место издания Москва
c Издательство Искусство
d Дата издания 1982
215 Физическое описание __
a Объем 255 с.
c Иллюстрации/тип воспроизводства ил., 102 л. ил.
d Формат 22 см
320 Библиография __
a Библиография Библиогр.: с. 247-255
320 Библиография __
a Библиография Библиогр. в примеч.: с. 219-236
606 Тематические рубрики 0_
a Основная рубрика Корейская архитектура
x Основная подрубрика История
606 Тематические рубрики 0_
a Основная рубрика Корейское изобразительное искусство
610 Ключевые слова 0_
a Ключевые слова Корея
610 Ключевые слова 0_
a Ключевые слова искусство Кореи
610 Ключевые слова 0_
a Ключевые слова корейское изобразительное искусство
610 Ключевые слова 0_
a Ключевые слова корейская архитектура
610 Ключевые слова 0_
a Ключевые слова история корейского искусства
686 Индексы других классификаций __
a Классификационный индекс 85.103(5)
2 Код системы rubbk
700 Автор _1
a Фамилия Глухарева
b Имя (инициалы) О.Н.
g Полное личное имя Ольга Николаевна
712 Наименование организации (Вторичная ответственность) 02
a Организация/ юрисдикция Государственный музей искусства народов Востока
4 Код отношения 570
801 Источник записи _0
a Страна RU
b Организация Ульяновская ОНБ
c Дата составления 20140815
g Правила каталогизации RCR
801 Источник записи _1
a Страна RU
b Организация Ульяновская ОНБ
c Дата составления 20140815
g Правила каталогизации RCR
901 Тип документа __
t Тип документа m
909 Создатель записи __
a Создатель записи Богданова
938 Служебная информация __
a Имя БД retro
b Имя библиотеки УОНБ
c Имя АИБС МАРК-SQL
d Номер DOC_ID в БД 112306